00548cam a22001574a 4500020001800000082002800018100002200046245004800068260003700116300003500153500006000188526003700248526003700285650003400322650003400356 a9789694025261 a954.91bHAIcN-02,P-1001 aHaider, S. Sajad,10aFlight of the falcon /cby S. Sajad Haider. aLahore :bVanguard Books,c2009. axxvi, 429 p. :bill. ;c24 cm. a"Demolishing myth of Indo-Pak wars 1965 & 1971"--Cover. a0b0c0d954_910000000000000_HAI a0b0c0d954_910000000000000_HAI 0aIndia-Pakistan Conflict, 1965 0aIndia-Pakistan Conflict, 1971